000 01744cam a22004574i 4500
003 PE-LiUPU
005 20250731173001.0
008 150623s1979 tnua rb 000 0 eng d
020 _a0805420118
035 _a(Sirsi) i9780805420111
040 _aPE-LiUPU
_bspa
_cPE-LiUPU
_erda
049 _aPRUA
082 0 4 _a220.071
_bC71
_221
100 1 _aColeman, Lucien E.,
_eautor.
245 1 0 _aHow to teach the Bible /
_cLucien E. Coleman.
264 1 _aNashville, Tennessee :
_bBroadman & Holman Publishers,
_c1979.
300 _a265 páginas :
_bilustraciones ;
_c19 centímetros
336 _atext
_2rdacontent
337 _aunmediated
_2rdamedia
338 _avolume
_2rdacarrier
504 _aIncluye bibliografía.
505 0 _aWhat is Bible teaching? -- What does a teacher do? -- What teachers ought to know -- How to study a lesson -- Teaching with purpose -- How to develop a plan for teaching -- Speaking of methods -- How to generate enthusiasm for Bible study.
526 _aSEG42
526 _aSEG41
526 _aSEG40
526 _aSEG39
526 _aP94
526 _aP87
526 _aP86
526 _aP85
526 _aP77
526 _aP76
526 _aP35
630 _aBiblia
_xEstudio y enseñanza.
942 _2ddc
_cBOOK
949 _a220.071 C71
_wDEWEY
_c1
_i45534
_d2015-10-15
_e2015-10-7
_lCCODEBUL1
_mBUL
_n4
_r0
_sY
_tBOOK
_u2015-6-24
_xTEOLOGIA
_PP35
_0COMPRA
_o.STAFF. Colección General
994 _aC0
_bPEPRU
596 _a1
999 _a220.071 C71
_wDEWEY
_c22396
_i45534
_d22396
_e2018-5-30
_f2021-11-9
_g5
_lCCODEBUL1
_mBUL
_n7
_p27.34
_q1
_r0
_sY
_tBOOK
_u2015-6-24
_xTEOLOGIA
_PP35
_0COMPRA
_o.STAFF. Colección Teología
980 _81
_gALBERTO SANCHEZ Responsable de Automatización